<?xml version="1.0" encoding="UTF-8"?><?xml-stylesheet type="text/xsl" href="static/style.xsl"?><OAI-PMH xmlns="http://www.openarchives.org/OAI/2.0/" xmlns:xsi="http://www.w3.org/2001/XMLSchema-instance" xsi:schemaLocation="http://www.openarchives.org/OAI/2.0/ http://www.openarchives.org/OAI/2.0/OAI-PMH.xsd"><responseDate>2026-04-17T06:03:36Z</responseDate><request verb="GetRecord" identifier="oai:www.recercat.cat:2445/146644" metadataPrefix="marc">https://recercat.cat/oai/request</request><GetRecord><record><header><identifier>oai:recercat.cat:2445/146644</identifier><datestamp>2025-12-04T20:56:24Z</datestamp><setSpec>com_2072_1057</setSpec><setSpec>col_2072_478796</setSpec><setSpec>col_2072_478917</setSpec></header><metadata><record xmlns="http://www.loc.gov/MARC21/slim" xmlns:dcterms="http://purl.org/dc/terms/" xmlns:xsi="http://www.w3.org/2001/XMLSchema-instance" xmlns:doc="http://www.lyncode.com/xoai" xsi:schemaLocation="http://www.loc.gov/MARC21/slim http://www.loc.gov/standards/marcxml/schema/MARC21slim.xsd">
   <leader>00925njm 22002777a 4500</leader>
   <datafield ind2=" " ind1=" " tag="042">
      <subfield code="a">dc</subfield>
   </datafield>
   <datafield ind2=" " ind1=" " tag="720">
      <subfield code="a">Mas i Pujadas, Francesc</subfield>
      <subfield code="e">author</subfield>
   </datafield>
   <datafield ind2=" " ind1=" " tag="720">
      <subfield code="a">Gómez Estévez, Juan Luis</subfield>
      <subfield code="e">author</subfield>
   </datafield>
   <datafield ind2=" " ind1=" " tag="260">
      <subfield code="c">2019-12-13T12:42:10Z</subfield>
   </datafield>
   <datafield ind2=" " ind1=" " tag="260">
      <subfield code="c">2019-12-13T12:42:10Z</subfield>
   </datafield>
   <datafield ind2=" " ind1=" " tag="260">
      <subfield code="c">2007</subfield>
   </datafield>
   <datafield ind2=" " ind1=" " tag="260">
      <subfield code="c">2019-12-13T12:42:10Z</subfield>
   </datafield>
   <datafield ind2=" " ind1=" " tag="520">
      <subfield code="a">l Fons Històric de Física i Química de la Biblioteca de les facultats de Química i Física de la Universitat de Barcelona va néixer el 2005 arran de l'Any Mundial de la Física dedicat al centenari de tres de les principals aportacions d'Albert Einstein, publicades el 1905. Per aprofitar el gran nombre de fonts primàries, bàsicament llibres i revistes, que la Biblioteca disposa relatives a les diverses disciplines de la física i la química, així com d'un elevat nombre de monografies escrites pels principals científics que han contribuït al desenvolupament d'aquestes, es va crear una mostra permanent de les principals fonts primàries a partir del 1820, ja que les anteriors es troben al fons de reserva de la Biblioteca de l'edifici històric de la Universitat de Barcelona, relacionades amb les principals disciplines científiques en què es pot dividir la física i la química. Junt amb la mostra es va realitzar una exposició temporal dedicada a l'annus mirabilis d'Einstein relatiu a les seves brillants contribucions sobre la relativitat especial, l'efecte...</subfield>
   </datafield>
   <datafield tag="653" ind2=" " ind1=" ">
      <subfield code="a">Història de la química</subfield>
   </datafield>
   <datafield tag="653" ind2=" " ind1=" ">
      <subfield code="a">Termodinàmica</subfield>
   </datafield>
   <datafield tag="653" ind2=" " ind1=" ">
      <subfield code="a">History of chemistry</subfield>
   </datafield>
   <datafield tag="653" ind2=" " ind1=" ">
      <subfield code="a">Thermodynamics</subfield>
   </datafield>
   <datafield ind2="0" ind1="0" tag="245">
      <subfield code="a">El racó de la història: Cent anys del tercer principi de la termodinàmica: 1906-2006</subfield>
   </datafield>
</record></metadata></record></GetRecord></OAI-PMH>